[Event "23rd EUR-ch"]
[Site "Vrnjacka Banja SRB"]
[Date "2023.03.03"]
[Round "1.176"]
[White "Alonso Garcia, Aaron"]
[Black "Ciric, Pavle"]
[Result "0-1"]
[WhiteElo "2437"]
[BlackElo "2037"]
[EventDate "2023.03.03"]
[PlyCount "58"]

1.e4 e6 2.d4 d5 3.Nc3 Nf6 4.e5 Nfd7 5.f4 c5 6.Nf3 Nc6 7.Be3 Be7 8.a3 O-O 
9.dxc5 Bxc5 10.Bxc5 Nxc5 11.b4 Nd7 12.Bd3 f6 13.O-O Qc7 14.Qe1 fxe5 15.
Bxh7+ Kxh7 16.Ng5+ Kg8 17.Nxe6 Qd6 18.Nxf8 Nxf8 19.Rd1 exf4 20.Rxd5 Qc7 
21.Qf2 Be6 22.Rh5 Nh7 23.Rc5 b6 24.Nb5 Qd7 25.Rc3 Nxb4 26.a4 Nd5 27.Rd3 
Qf7 28.Re1 Qf6 29.Qd2 Ne3 0-1

[Event "23rd EUR-ch"]
[Site "Vrnjacka Banja SRB"]
[Date "2023.03.03"]
[Round "1.177"]
[White "Nikanova, Ekaterina"]
[Black "Stalmach, Richard"]
[Result "0-1"]
[WhiteElo "2032"]
[BlackElo "2436"]
[EventDate "2023.03.03"]
[PlyCount "98"]

1.e4 c5 2.Nf3 d6 3.d4 cxd4 4.Nxd4 Nf6 5.Nc3 Nc6 6.Bg5 e6 7.Qd2 a6 8.O-O-O 
Bd7 9.f4 Be7 10.Nf3 b5 11.Bxf6 gxf6 12.f5 Qb6 13.Kb1 O-O-O 14.g3 Kb8 15.
fxe6 fxe6 16.Bh3 Na5 17.Qh6 Nc4 18.Nd4 b4 19.Nce2 e5 20.Bxd7 Rxd7 21.Nb3 
Rc8 22.Nd2 Qf2 23.Nxc4 Rxc4 24.Qh5 Rdc7 25.Qe8+ Ka7 26.Rd5 R4c5 27.Rxc5 
Qxc5 28.Qa4 Kb6 29.Rd1 Qc4 30.Nc1 Qxe4 31.Nd3 Qc6 32.Qb3 Qc4 33.Qxc4 Rxc4 
34.b3 Re4 35.Nb2 Kc5 36.Na4+ Kc6 37.c4 Re2 38.h4 Rg2 39.Rd3 e4 40.Rd5 e3 
41.Kc1 Rg1+ 42.Rd1 Rxg3 43.Kc2 f5 44.Kd3 Bxh4 45.Rf1 Bg5 46.Rxf5 Rg2 47.
Rf1 Rd2+ 48.Ke4 e2 49.Re1 Bh4 0-1

[Event "23rd EUR-ch"]
[Site "Vrnjacka Banja SRB"]
[Date "2023.03.03"]
[Round "1.178"]
[White "Badelka, Olga"]
[Black "Butolo, Alexandru-Mircea"]
[Result "1-0"]
[WhiteElo "2428"]
[BlackElo "2027"]
[EventDate "2023.03.03"]
[PlyCount "26"]

1.d4 Nf6 2.c4 e6 3.Nc3 Bb4 4.e3 O-O 5.Bd3 d5 6.cxd5 exd5 7.Ne2 c6 8.O-O 
Re8 9.f3 Nbd7 10.e4 c5 11.e5 cxd4 12.exf6 dxc3 13.fxg7 Bd6 1-0

[Event "23rd EUR-ch"]
[Site "Vrnjacka Banja SRB"]
[Date "2023.03.03"]
[Round "1.179"]
[White "Alexakis, Dimitrios"]
[Black "Fromm, Marius"]
[Result "0-1"]
[WhiteElo "2024"]
[BlackElo "2428"]
[EventDate "2023.03.03"]
[PlyCount "72"]

1.e4 c5 2.Nf3 d6 3.d4 cxd4 4.Nxd4 Nf6 5.Nc3 a6 6.Rg1 h5 7.Bg5 Nbd7 8.Qd2 
e6 9.O-O-O b5 10.a3 Bb7 11.f3 Be7 12.Bd3 Qb6 13.Be3 Qc7 14.h3 h4 15.f4 Nc5
16.e5 dxe5 17.fxe5 Qxe5 18.Rgf1 Rd8 19.Qf2 Qg3 20.Nf3 Qxf2 21.Rxf2 Nxd3+ 
22.Rxd3 Rxd3 23.cxd3 Nd5 24.Nxd5 Bxd5 25.Rc2 Rh5 26.Rc8+ Kd7 27.Rg8 g6 28.
Kd2 a5 29.Bf4 Bf6 30.Rf8 Rf5 31.Be3 Bxf3 32.gxf3 Bxb2 33.Ra8 Bxa3 34.Ra7+ 
Kc6 35.Ke2 b4 36.Bd4 b3 0-1

[Event "23rd EUR-ch"]
[Site "Vrnjacka Banja SRB"]
[Date "2023.03.03"]
[Round "1.180"]
[White "Fataliyeva, Ulviyya"]
[Black "Tregubenko, Nikolai"]
[Result "1-0"]
[WhiteElo "2427"]
[BlackElo "2022"]
[EventDate "2023.03.03"]
[PlyCount "77"]

1.Nf3 Nf6 2.c4 g6 3.b4 Bg7 4.Bb2 O-O 5.g3 d5 6.cxd5 Nxd5 7.Bxg7 Kxg7 8.Qb3
Qd6 9.Qb2+ f6 10.a3 a5 11.b5 a4 12.d4 Bd7 13.Nbd2 Nb6 14.Rc1 Rc8 15.Ne4 
Qd5 16.Nc5 Ra5 17.e4 Qh5 18.Nd2 Ra7 19.Qb4 e5 20.Be2 Qg5 21.h4 Qh6 22.dxe5
fxe5 23.Nd3 Kh8 24.Nxe5 Qg7 25.Ndf3 Be8 26.O-O N8d7 27.Rfd1 h6 28.Qd4 Nxe5
29.Nxe5 Raa8 30.Qc3 h5 31.Bf1 c6 32.bxc6 bxc6 33.Rd6 Kh7 34.Rcd1 Rc7 35.
Bh3 Raa7 36.Qc5 Nd7 37.Bxd7 Bxd7 38.Rxg6 Qh8 39.Qe7+ 1-0

[Event "23rd EUR-ch"]
[Site "Vrnjacka Banja SRB"]
[Date "2023.03.03"]
[Round "1.181"]
[White "Kotyk, Michael"]
[Black "Baum, Jonasz"]
[Result "0-1"]
[WhiteElo "2018"]
[BlackElo "2426"]
[EventDate "2023.03.03"]
[PlyCount "54"]

1.d4 Nf6 2.c4 e6 3.Nc3 Bb4 4.e3 O-O 5.Ne2 Re8 6.a3 Bf8 7.e4 d5 8.e5 Nfd7 
9.cxd5 exd5 10.Be3 c5 11.f4 Nc6 12.dxc5 g5 13.g3 gxf4 14.gxf4 d4 15.Bxd4 
Nxd4 16.Qxd4 Bxc5 17.Qe4 Qh4+ 18.Kd2 Nb6 19.Ng3 Bd7 20.Nf5 Qf2+ 21.Be2 Bc6
22.Nh6+ Kf8 23.Qf5 Be3+ 24.Kc2 Qxf4 25.Rhf1 Qxf5+ 26.Nxf5 Rxe5 27.Bh5 Bg2 
0-1

[Event "23rd EUR-ch"]
[Site "Vrnjacka Banja SRB"]
[Date "2023.03.03"]
[Round "1.182"]
[White "Seemann, Jakub"]
[Black "Bjelanovic, Mile"]
[Result "1-0"]
[WhiteElo "2424"]
[BlackElo "2017"]
[EventDate "2023.03.03"]
[PlyCount "57"]

1.d4 Nf6 2.c4 d6 3.Nf3 Nbd7 4.Nc3 e5 5.g3 g6 6.Bg2 Bg7 7.O-O O-O 8.e4 Re8 
9.h3 c6 10.Re1 h6 11.Be3 Qe7 12.Qc2 Nf8 13.Rad1 g5 14.c5 dxc5 15.dxe5 N6d7
16.Ne2 Ng6 17.Nh2 Qxe5 18.b4 cxb4 19.Nd4 Nf6 20.Bc1 Qa5 21.Nf1 Be6 22.Nxe6
Rxe6 23.Ne3 Rae8 24.Kh2 Qa6 25.Nf5 Bf8 26.Bb2 Ne5 27.f4 Qc4 28.Qb1 Ng6 29.
Ne3 1-0

[Event "23rd EUR-ch"]
[Site "Vrnjacka Banja SRB"]
[Date "2023.03.03"]
[Round "1.183"]
[White "Andreev, Stanislav"]
[Black "Celik, Hasan Huseyin"]
[Result "1/2-1/2"]
[WhiteElo "2016"]
[BlackElo "2420"]
[EventDate "2023.03.03"]
[PlyCount "90"]

1.d4 d6 2.Bg5 c5 3.d5 Qb6 4.Nd2 Nf6 5.e4 g6 6.Bd3 Bg7 7.Nc4 Qc7 8.a4 O-O 
9.Ne2 Nbd7 10.c3 Rb8 11.O-O b6 12.Ng3 a6 13.Qd2 Re8 14.h3 b5 15.axb5 axb5 
16.Na5 c4 17.Bc2 Bb7 18.Nxb7 Rxb7 19.Ne2 Nc5 20.f3 e5 21.dxe6 Nxe6 22.Be3 
d5 23.exd5 Rd8 24.Nf4 Nxf4 25.Bxf4 Qc5+ 26.Be3 Qxd5 27.Rfd1 Rbd7 28.Qf2 
Qc6 29.Rxd7 Rxd7 30.Rd1 Rxd1+ 31.Bxd1 Nd5 32.Bd4 Bxd4 33.Qxd4 Qe6 34.Qe4 
Qxe4 35.fxe4 Nf4 36.Bc2 Kg7 37.e5 f6 38.exf6+ Kxf6 39.Kf2 Ke5 40.h4 Nd5 
41.h5 gxh5 42.Bxh7 b4 43.cxb4 Nxb4 44.Ke3 Nd5+ 45.Kf3 c3 1/2-1/2

[Event "23rd EUR-ch"]
[Site "Vrnjacka Banja SRB"]
[Date "2023.03.03"]
[Round "1.184"]
[White "Akbas, Umut Ata"]
[Black "Banov, Boil"]
[Result "1-0"]
[WhiteElo "2419"]
[BlackElo "2016"]
[EventDate "2023.03.03"]
[PlyCount "26"]

1.c4 c6 2.Nf3 d5 3.e3 Nf6 4.Nc3 e6 5.d4 Be7 6.Bd3 Nbd7 7.O-O O-O 8.b3 b6 
9.Bb2 Bb7 10.Qe2 c5 11.cxd5 Nxd5 12.Rfd1 Re8 13.Rac1 Bf8 1-0

[Event "23rd EUR-ch"]
[Site "Vrnjacka Banja SRB"]
[Date "2023.03.03"]
[Round "1.185"]
[White "Sertbay, Huseyin"]
[Black "Levin, Guy"]
[Result "1/2-1/2"]
[WhiteElo "2016"]
[BlackElo "2419"]
[EventDate "2023.03.03"]
[PlyCount "67"]

1.d4 d5 2.c4 dxc4 3.Nf3 Nf6 4.e3 b5 5.a4 b4 6.Bxc4 e6 7.a5 Be7 8.O-O O-O 
9.Qc2 Bb7 10.Nbd2 Nbd7 11.a6 Bxf3 12.Nxf3 c5 13.Rd1 Rc8 14.Qe2 Qb6 15.e4 
cxd4 16.e5 Ng4 17.b3 Qc7 18.Bf4 Bc5 19.Rd3 Nb6 20.Nd2 Nxc4 21.Nxc4 Nf6 22.
Rh3 Rfe8 23.Bd2 Nd7 24.Qh5 Nf8 25.Re1 Qe7 26.Re4 f5 27.exf6 Qxf6 28.Ne5 
Qf5 29.Qe2 Ng6 30.Nxg6 hxg6 31.Rf3 Qd5 32.Re5 Qd6 33.Rg5 Rf8 34.Rxg6 
1/2-1/2

[Event "23rd EUR-ch"]
[Site "Vrnjacka Banja SRB"]
[Date "2023.03.03"]
[Round "1.186"]
[White "Kochavi, Ori"]
[Black "Cuzovic, Ognjen"]
[Result "1-0"]
[WhiteElo "2417"]
[BlackElo "2009"]
[EventDate "2023.03.03"]
[PlyCount "49"]

1.Nf3 d5 2.e3 Nf6 3.c4 e6 4.b3 Be7 5.Bb2 O-O 6.Be2 Nbd7 7.Rg1 Ne4 8.Qc2 
Bf6 9.g4 b6 10.d3 Bxb2 11.Qxb2 Nd6 12.h4 Bb7 13.h5 f6 14.cxd5 exd5 15.Nbd2
Qe7 16.Nh4 c5 17.Nf5 Nxf5 18.gxf5 h6 19.Nf3 d4 20.e4 Rfe8 21.Nh4 Ne5 22.
Qd2 Kf8 23.f4 Nxd3+ 24.Bxd3 Kg8 25.Ng6 1-0

[Event "23rd EUR-ch"]
[Site "Vrnjacka Banja SRB"]
[Date "2023.03.03"]
[Round "1.187"]
[White "Modric, Milos"]
[Black "Milikow, Yoav"]
[Result "0-1"]
[WhiteElo "2002"]
[BlackElo "2416"]
[EventDate "2023.03.03"]
[PlyCount "62"]

1.e4 e6 2.d4 d5 3.e5 c5 4.c3 Qb6 5.a3 Nc6 6.Nf3 Bd7 7.b4 cxd4 8.cxd4 Nh6 
9.Bb2 Nf5 10.Be2 h5 11.O-O a6 12.Qd2 Be7 13.Rd1 g5 14.Nxg5 Ncxd4 15.Bxd4 
Qxd4 16.Qxd4 Nxd4 17.Rxd4 Bxg5 18.f4 Bd8 19.Rd1 Ba4 20.Rf1 Rc8 21.Bd3 Bb6+
22.Kh1 h4 23.Ra2 Ke7 24.Re2 Rc7 25.b5 a5 26.h3 Rg8 27.Ree1 Rg3 28.Rf3 Rxf3
29.gxf3 Bf2 30.Re2 Bg3 31.f5 Bd1 0-1

[Event "23rd EUR-ch"]
[Site "Vrnjacka Banja SRB"]
[Date "2023.03.03"]
[Round "1.188"]
[White "Kalezic, Blazo"]
[Black "Biyiksiz, Ali Batuhan"]
[Result "1/2-1/2"]
[WhiteElo "2415"]
[BlackElo "1994"]
[EventDate "2023.03.03"]
[PlyCount "47"]

1.d4 Nf6 2.Nc3 d5 3.Bg5 e6 4.e4 dxe4 5.Nxe4 Be7 6.Bxf6 Bxf6 7.Nf3 O-O 8.
Qd2 b6 9.O-O-O Bb7 10.Qf4 Nd7 11.h4 c5 12.Bd3 cxd4 13.Kb1 Nc5 14.h5 Bxe4 
15.Bxe4 Rc8 16.Rhe1 Qc7 17.Qd2 Rfd8 18.g4 h6 19.Bd3 b5 20.g5 hxg5 21.Nxg5 
Nxd3 22.cxd3 Bxg5 23.Qxg5 Rd5 24.Qh4 1/2-1/2

[Event "23rd EUR-ch"]
[Site "Vrnjacka Banja SRB"]
[Date "2023.03.03"]
[Round "1.189"]
[White "Martinkus, Rolandas"]
[Black "Kilic, Eray"]
[Result "0-1"]
[WhiteElo "1985"]
[BlackElo "2415"]
[EventDate "2023.03.03"]
[PlyCount "50"]

1.Nf3 Nf6 2.c4 g6 3.Nc3 d5 4.cxd5 Nxd5 5.Qc2 Nc6 6.e4 Ndb4 7.Qa4 Bd7 8.Bb5
a6 9.Bxc6 Nd3+ 10.Kf1 Bxc6 11.Qd4 e5 12.Qxd8+ Rxd8 13.Ke2 Bc5 14.Rf1 f6 
15.Ne1 Nf4+ 16.Kd1 b5 17.d3 Nxd3 18.Nxd3 Rxd3+ 19.Kc2 Rd6 20.f4 Bd4 21.Bd2
O-O 22.Rae1 b4 23.Nd5 Bxd5 24.exd5 a5 25.g4 Rxd5 0-1

[Event "23rd EUR-ch"]
[Site "Vrnjacka Banja SRB"]
[Date "2023.03.03"]
[Round "1.190"]
[White "Tekeev, Zaur"]
[Black "Peric, Slavisa"]
[Result "1-0"]
[WhiteElo "2415"]
[BlackElo "1980"]
[EventDate "2023.03.03"]
[PlyCount "69"]

1.e4 e6 2.d4 d5 3.Nd2 a6 4.Ngf3 c5 5.exd5 exd5 6.Be2 Nf6 7.O-O c4 8.Re1 
Be7 9.b3 cxb3 10.axb3 Nc6 11.c3 O-O 12.Bd3 Bg4 13.Nf1 Bh5 14.Ng3 Bg6 15.
Nf5 Bxf5 16.Bxf5 g6 17.Bd3 Nd7 18.Ra2 Re8 19.Rae2 Nf8 20.h4 Qd7 21.h5 Bf6 
22.Nh2 gxh5 23.Re3 Rxe3 24.Bxe3 Bg7 25.Qxh5 Re8 26.g3 Re6 27.Bf5 Ne7 28.
Bxe6 Nxe6 29.Bh6 Bxh6 30.Qxh6 Ng6 31.Ng4 Qd8 32.f4 Ng7 33.f5 Nf8 34.f6 
Nge6 35.Qg7+ 1-0

[Event "23rd EUR-ch"]
[Site "Vrnjacka Banja SRB"]
[Date "2023.03.03"]
[Round "1.191"]
[White "Cox, Tristan"]
[Black "Neverov, Valeriy"]
[Result "1-0"]
[WhiteElo "1975"]
[BlackElo "2414"]
[EventDate "2023.03.03"]
[PlyCount "81"]

1.d4 Nf6 2.c4 g6 3.f3 Bg7 4.e4 d6 5.Nc3 O-O 6.Nge2 c5 7.d5 e6 8.Ng3 exd5 
9.cxd5 a6 10.a4 h5 11.Bg5 Qe8 12.Bd3 Nh7 13.Bf4 Qe7 14.Nge2 Nd7 15.O-O Ne5
16.Bc2 Bd7 17.Bc1 b5 18.f4 Ng4 19.e5 dxe5 20.d6 Qe8 21.f5 Bxf5 22.Bxf5 
gxf5 23.Nd5 Rd8 24.Ne7+ Kh8 25.Nxf5 Qe6 26.Neg3 Ngf6 27.axb5 axb5 28.Nxh5 
Nxh5 29.Qxh5 Rxd6 30.Nxd6 Qxd6 31.Ra3 e4 32.Rh3 Qg6 33.Qxc5 f5 34.Bf4 Rg8 
35.Rg3 Qf6 36.Rxg7 Qxg7 37.Be5 Nf6 38.Bxf6 Qxf6 39.Rxf5 Qe6 40.Rh5+ Kg7 
41.Qg5+ 1-0

[Event "23rd EUR-ch"]
[Site "Vrnjacka Banja SRB"]
[Date "2023.03.03"]
[Round "1.192"]
[White "Baenziger, Fabian"]
[Black "Garifulin, Yury"]
[Result "1-0"]
[WhiteElo "2413"]
[BlackElo "1975"]
[EventDate "2023.03.03"]
[PlyCount "81"]

1.d4 d5 2.c4 c6 3.Nf3 Nf6 4.e3 e6 5.Bd3 Nbd7 6.O-O Bd6 7.Nc3 O-O 8.e4 dxe4
9.Nxe4 Nxe4 10.Bxe4 e5 11.dxe5 Nxe5 12.Nxe5 Bxe5 13.Bxh7+ Kxh7 14.Qh5+ Kg8
15.Qxe5 Re8 16.Qc3 Bf5 17.Be3 Qd3 18.Rac1 b6 19.Qxd3 Bxd3 20.Rfe1 Rad8 21.
f3 f6 22.Kf2 Kf7 23.h4 f5 24.Rc3 b5 25.cxb5 Bxb5 26.b3 Rd3 27.Rxd3 Bxd3 
28.Rd1 Ba6 29.Rd2 Re7 30.Bc5 Rc7 31.Kg3 Bc8 32.Rd8 g6 33.Kf4 Be6 34.Ke5 
Rc8 35.Rxc8 Bxc8 36.Bxa7 Ba6 37.Kd6 Bf1 38.Kxc6 Bxg2 39.b4 Bxf3+ 40.Kc7 
Ke6 41.b5 1-0

[Event "23rd EUR-ch"]
[Site "Vrnjacka Banja SRB"]
[Date "2023.03.03"]
[Round "1.193"]
[White "Arsenie, Cristian Marc"]
[Black "Gaehwiler, Gabriel"]
[Result "0-1"]
[WhiteElo "1971"]
[BlackElo "2413"]
[EventDate "2023.03.03"]
[PlyCount "56"]

1.e4 c5 2.Nf3 d6 3.d4 cxd4 4.Nxd4 Nf6 5.Nc3 a6 6.f3 e5 7.Nb3 Be6 8.Be3 h5 
9.Nd5 Bxd5 10.exd5 Nbd7 11.Qd2 g6 12.O-O-O Bg7 13.Kb1 O-O 14.Be2 a5 15.a4 
Nb6 16.Bb5 Qc7 17.Nxa5 Nxa4 18.Bxa4 Rxa5 19.Bb3 Rfa8 20.c3 b5 21.Qd3 b4 
22.Kc2 bxc3 23.bxc3 e4 24.Qc4 Qb7 25.Bd4 Rc8 26.Qe2 Qxb3+ 27.Kxb3 Rb8+ 28.
Kc4 Ra4# 0-1

[Event "23rd EUR-ch"]
[Site "Vrnjacka Banja SRB"]
[Date "2023.03.03"]
[Round "1.194"]
[White "Iliaguev, Nisim"]
[Black "Celik, Ali Alper"]
[Result "1-0"]
[WhiteElo "2412"]
[BlackElo "1961"]
[EventDate "2023.03.03"]
[PlyCount "65"]

1.c4 c6 2.g3 d5 3.Bg2 Nf6 4.Nf3 Bf5 5.cxd5 cxd5 6.O-O e6 7.Qb3 Qc7 8.d3 
Nc6 9.Nc3 Be7 10.Bf4 Qd7 11.e4 Bg6 12.Ne5 Nxe5 13.Bxe5 dxe4 14.dxe4 O-O 
15.Rfd1 Qc6 16.Rac1 Qb6 17.Qxb6 axb6 18.Bd6 Bxd6 19.Rxd6 Rac8 20.Rcd1 Rc7 
21.Rxb6 Nd7 22.Rb4 Ne5 23.h3 h6 24.f4 Nc4 25.Nb5 Ne3 26.Nxc7 Nxd1 27.g4 f6
28.Nxe6 Rc8 29.Rxb7 Bf7 30.f5 g5 31.Bf3 Ne3 32.b3 Nc2 33.Be2 1-0

[Event "23rd EUR-ch"]
[Site "Vrnjacka Banja SRB"]
[Date "2023.03.03"]
[Round "1.195"]
[White "Orian, Noga"]
[Black "Ben Ari, Yannay"]
[Result "1-0"]
[WhiteElo "1957"]
[BlackElo "2411"]
[EventDate "2023.03.03"]
[PlyCount "127"]

1.d4 d6 2.Nf3 Nf6 3.Nbd2 g6 4.e4 Bg7 5.Bd3 O-O 6.h3 Nbd7 7.O-O e5 8.c3 b6 
9.Re1 Bb7 10.d5 a5 11.a4 c6 12.dxc6 Bxc6 13.Nc4 Qc7 14.Bg5 Rae8 15.Bxf6 
Nxf6 16.Qb3 d5 17.exd5 Nxd5 18.Rad1 Nf4 19.Be4 Bxe4 20.Rxe4 Qc6 21.Re3 Rc8
22.Ncxe5 Bxe5 23.Rxe5 Nxh3+ 24.Kf1 Nf4 25.Qb5 Qf6 26.Rd7 Kg7 27.g3 Ne6 28.
Qxb6 Qxf3 29.Qxe6 Qh1+ 30.Ke2 Rb8 31.Qa2 Qc1 32.Rd2 Rfd8 33.b3 Re8 34.Re3 
Rxe3+ 35.fxe3 Qg1 36.c4 Qg2+ 37.Kd1 Qf3+ 38.Kc2 Qe4+ 39.Rd3 Rd8 40.Qb2+ 
Kh6 41.Qc3 Rd6 42.c5 Rd5 43.Qc4 Qxc4+ 44.bxc4 Rxc5 45.Kc3 Kg7 46.Kd4 Rc8 
47.Rb3 h5 48.c5 Kf6 49.Kd5 Rd8+ 50.Kc6 Ke6 51.Rc3 Rd1 52.Kb7 Ke7 53.c6 
Rb1+ 54.Kc8 Rb4 55.c7 g5 56.Rc5 h4 57.gxh4 gxh4 58.Rxa5 h3 59.Re5+ Kd6 60.
Rh5 Rc4 61.Rh6+ Ke7 62.a5 Ra4 63.a6 h2 64.Rxh2 1-0

[Event "23rd EUR-ch"]
[Site "Vrnjacka Banja SRB"]
[Date "2023.03.03"]
[Round "1.196"]
[White "Tutisani, Noe"]
[Black "Antonioudakis, Georgios"]
[Result "1-0"]
[WhiteElo "2411"]
[BlackElo "1953"]
[EventDate "2023.03.03"]
[PlyCount "73"]

1.Nf3 Nf6 2.g3 e6 3.Bg2 d5 4.O-O Be7 5.c4 O-O 6.b3 b6 7.cxd5 exd5 8.d4 Bb7
9.Nc3 Re8 10.Bb2 Nbd7 11.Rc1 a6 12.e3 Bf8 13.Rc2 h6 14.Qa1 c5 15.dxc5 Nxc5
16.Rd1 Qd7 17.Ne2 Nce4 18.Nf4 Bc5 19.Bh3 Qe7 20.Nd4 g6 21.Nd3 Bc8 22.Bg2 
Bd7 23.Nxc5 bxc5 24.Nf3 Ng4 25.Qc1 Bc6 26.Ba3 Ngxf2 27.Rxf2 Nxf2 28.Kxf2 
d4 29.Bxc5 dxe3+ 30.Qxe3 Qf6 31.Bd4 Rxe3 32.Bxf6 Rae8 33.Rd2 R3e6 34.Bb2 
g5 35.Bh3 R6e7 36.Bf6 Re4 37.Nd4 1-0

[Event "23rd EUR-ch"]
[Site "Vrnjacka Banja SRB"]
[Date "2023.03.03"]
[Round "1.197"]
[White "Stoychev, Ognian"]
[Black "Agdelen, Huseyin Can"]
[Result "0-1"]
[WhiteElo "1952"]
[BlackElo "2411"]
[EventDate "2023.03.03"]
[PlyCount "148"]

1.d4 d5 2.Nf3 Nf6 3.c4 c6 4.Qb3 a6 5.Bf4 b5 6.cxd5 cxd5 7.Nbd2 Nc6 8.Rc1 
Bb7 9.e3 Rc8 10.Qd1 Nh5 11.Bg3 Nxg3 12.hxg3 g6 13.Be2 Bg7 14.O-O e5 15.
Nxe5 Nxe5 16.Rxc8 Qxc8 17.dxe5 Bxe5 18.b3 O-O 19.Nf3 Bf6 20.Nd4 Qc3 21.Bf3
Rd8 22.Re1 Bxd4 23.exd4 Bc8 24.Re3 Qc7 25.Qd2 Be6 26.Re5 Qd6 27.Re1 Rc8 
28.Rc1 Rxc1+ 29.Qxc1 Qb4 30.Qe3 Qd6 31.Qf4 Qxf4 32.gxf4 b4 33.Kf1 Kf8 34.
Ke1 Ke7 35.Kd2 Kd6 36.Be2 a5 37.Bd3 Bd7 38.g3 Ke7 39.Ke3 Kf6 40.f3 h5 41.
Ba6 Ke7 42.Bd3 Bh3 43.Kd2 Bd7 44.Ke3 Kf6 45.Ba6 Bf5 46.Bb7 Bb1 47.Kd2 Ke6 
48.Bc8+ Kd6 49.Kc1 Bd3 50.Kd2 Bf1 51.Ke1 Bb5 52.Kd2 Bd7 53.Ba6 Bf5 54.Bb5 
f6 55.Be8 Ke7 56.Bc6 Be6 57.Ke3 Kf7 58.Bb5 Bf5 59.Kd2 g5 60.fxg5 fxg5 61.
f4 gxf4 62.gxf4 h4 63.Ke3 Bc2 64.Ba4 Bb1 65.Kf3 Bf5 66.Bc6 Ke6 67.Be8 Bc2 
68.Ba4 Bd1+ 69.Ke3 h3 70.Kf2 h2 71.Kg2 Kf5 72.Kxh2 Kxf4 73.Kg2 Ke3 74.Kf1 
Kd2 0-1

[Event "23rd EUR-ch"]
[Site "Vrnjacka Banja SRB"]
[Date "2023.03.03"]
[Round "1.198"]
[White "David, Alexandru-Vasile"]
[Black "Dumbelovic, Novak"]
[Result "1-0"]
[WhiteElo "2410"]
[BlackElo "1948"]
[EventDate "2023.03.03"]
[PlyCount "69"]

1.d4 Nf6 2.c4 g6 3.Nc3 Bg7 4.e4 d6 5.Nf3 O-O 6.Bd3 a5 7.O-O Na6 8.Kh1 Nd7 
9.a3 e5 10.d5 Ndc5 11.Bc2 f5 12.exf5 gxf5 13.Rb1 e4 14.Ng5 Qe7 15.f4 h6 
16.Nh3 Bf6 17.Ne2 Nd7 18.Ng3 Nb6 19.Qe2 a4 20.Be3 Nc5 21.Nh5 Bh8 22.Nf2 
Kh7 23.Rg1 Nb3 24.Rbd1 Nd7 25.g4 Nf6 26.g5 Ne8 27.g6+ Kg8 28.g7 Nxg7 29.
Nxg7 Bxg7 30.Bxb3 axb3 31.Bd4 Rf7 32.Qh5 Kf8 33.Bxg7+ Rxg7 34.Qxh6 Qf7 35.
Rg3 1-0

[Event "23rd EUR-ch"]
[Site "Vrnjacka Banja SRB"]
[Date "2023.03.03"]
[Round "1.199"]
[White "Bleuzen, Erwan"]
[Black "Kalogeris, Ioannis"]
[Result "0-1"]
[WhiteElo "1937"]
[BlackElo "2409"]
[EventDate "2023.03.03"]
[PlyCount "56"]

1.d4 Nf6 2.Nf3 e6 3.g3 b5 4.Bg2 Bb7 5.O-O Be7 6.b3 c5 7.dxc5 Bxc5 8.Bb2 a6
9.Nbd2 O-O 10.c4 d6 11.a3 b4 12.axb4 Bxb4 13.Ne1 Bxg2 14.Kxg2 Nbd7 15.Nd3 
Bxd2 16.Qxd2 Qb6 17.Ba3 Rfd8 18.Qb4 Qc6+ 19.Kg1 Ne4 20.f3 Rdb8 21.Qa4 Qb6+
22.Kg2 Nef6 23.b4 Rc8 24.c5 Qb8 25.cxd6 Qxd6 26.b5 Qb6 27.bxa6 Rxa6 28.Qd1
Nd5 0-1

[Event "23rd EUR-ch"]
[Site "Vrnjacka Banja SRB"]
[Date "2023.03.03"]
[Round "1.200"]
[White "Radovanovic, Nikola"]
[Black "Bozanic, Jovan"]
[Result "1-0"]
[WhiteElo "2407"]
[BlackElo "1934"]
[EventDate "2023.03.03"]
[PlyCount "77"]

1.d4 Nf6 2.c4 g6 3.Nc3 Bg7 4.e4 d6 5.Be2 O-O 6.Be3 Nbd7 7.g4 e5 8.d5 Nc5 
9.f3 a5 10.h4 Ne8 11.h5 Bf6 12.Nh3 Bh4+ 13.Kd2 gxh5 14.Qg1 Kh8 15.Qh2 Qe7 
16.Nf4 exf4 17.Bd4+ Kg8 18.Qxh4 Qxh4 19.Rxh4 hxg4 20.Rah1 f6 21.Rxh7 g3 
22.R7h4 Kf7 23.Rxf4 Rg8 24.Rfh4 Bd7 25.Rg1 Rg7 26.f4 c6 27.f5 cxd5 28.cxd5
Rc8 29.Bh5+ Ke7 30.Bg6 Nc7 31.Rxg3 Nb5 32.e5 fxe5 33.Bxc5 dxc5 34.f6+ Kxf6
35.Ne4+ Ke7 36.d6+ Kd8 37.Rh8+ Be8 38.Bxe8 Rxg3 39.Bxb5+ 1-0

[Event "23rd EUR-ch"]
[Site "Vrnjacka Banja SRB"]
[Date "2023.03.03"]
[Round "1.201"]
[White "Bozinovic, Boban"]
[Black "Mitsis, Georgios"]
[Result "0-1"]
[WhiteElo "1931"]
[BlackElo "2407"]
[EventDate "2023.03.03"]
[PlyCount "104"]

1.e4 e5 2.Nf3 Nc6 3.d4 exd4 4.Nxd4 Bc5 5.Nxc6 Qf6 6.Qf3 dxc6 7.Nc3 Be6 8.
Bd3 O-O-O 9.Be3 Qxf3 10.gxf3 Bxe3 11.fxe3 g6 12.h4 Nf6 13.Rg1 a5 14.e5 Nd7
15.f4 f6 16.exf6 Nxf6 17.Rg3 b6 18.a3 Rde8 19.Be2 Bf5 20.O-O-O Re7 21.Re1 
Rhe8 22.Kd2 b5 23.b4 axb4 24.axb4 Kb7 25.Bf3 Kb6 26.Rg5 Rd8+ 27.Kc1 Rd4 
28.exd4 Rxe1+ 29.Kd2 Rf1 30.Rg3 Rf2+ 31.Ne2 Rh2 32.c3 Rxh4 33.Rg2 Ne8 34.
Ke3 Nd6 35.Rg1 Rh2 36.Rg2 Rh4 37.Rg1 Nc4+ 38.Kf2 Nd2 39.Bg2 Nb1 40.Rc1 h5 
41.Bf3 Nd2 42.Bg2 Ne4+ 43.Ke3 Nf6 44.Rh1 Ng4+ 45.Kd2 Rxh1 46.Bxh1 h4 47.
Ke1 Nf6 48.Ng1 Nh5 49.Nf3 Be4 50.Kf2 Nxf4 51.Ke3 Bxf3 52.Bxf3 g5 0-1

[Event "23rd EUR-ch"]
[Site "Vrnjacka Banja SRB"]
[Date "2023.03.03"]
[Round "1.202"]
[White "Ohanian, Emin"]
[Black "Vasilkov, Nikolai"]
[Result "1-0"]
[WhiteElo "2405"]
[BlackElo "1931"]
[EventDate "2023.03.03"]
[PlyCount "45"]

1.d4 Nf6 2.c4 g6 3.Nc3 Bg7 4.e4 d6 5.Be2 e5 6.dxe5 dxe5 7.Qxd8+ Kxd8 8.f4 
Nbd7 9.Nf3 h6 10.O-O exf4 11.Bxf4 g5 12.Be3 c6 13.Bd4 c5 14.Bf2 Re8 15.e5 
Nxe5 16.Rad1+ Bd7 17.Bxc5 b6 18.Nxe5 bxc5 19.Nxf7+ Ke7 20.Ne5 Be6 21.Bf3 
Rac8 22.Nb5 Rg8 23.Nxa7 1-0

[Event "23rd EUR-ch"]
[Site "Vrnjacka Banja SRB"]
[Date "2023.03.03"]
[Round "1.203"]
[White "Kochavi, Dana"]
[Black "Han, Yichen"]
[Result "0-1"]
[WhiteElo "1929"]
[BlackElo "2405"]
[EventDate "2023.03.03"]
[PlyCount "70"]

1.e4 c6 2.Nc3 d5 3.Nf3 dxe4 4.Nxe4 Nf6 5.Qe2 Na6 6.d4 Nxe4 7.Qxe4 Qd5 8.
Qe2 Bg4 9.c3 e6 10.h3 Bxf3 11.gxf3 Nc7 12.Bg2 Bd6 13.O-O O-O 14.Rd1 Qh5 
15.c4 Ne8 16.b4 Nf6 17.Rb1 b5 18.d5 exd5 19.cxb5 Rfe8 20.Qd3 cxb5 21.Bb2 
Be5 22.Qxb5 Rad8 23.Bd4 Qg5 24.Be3 Bf4 25.Bxa7 Re6 26.Re1 Qg6 27.Rbd1 Qc2 
28.Qf1 Rxe1 29.Rxe1 d4 30.Bb6 Rd5 31.Qa6 h6 32.Bf1 Rg5+ 33.Bg2 d3 34.Rf1 
d2 35.Qe2 Qg6 0-1

[Event "23rd EUR-ch"]
[Site "Vrnjacka Banja SRB"]
[Date "2023.03.03"]
[Round "1.204"]
[White "Czerw, Dawid"]
[Black "Alfirevic, Duje"]
[Result "1-0"]
[WhiteElo "2404"]
[BlackElo "1924"]
[EventDate "2023.03.03"]
[PlyCount "147"]

1.e4 e5 2.Nf3 Nc6 3.Bb5 a6 4.Ba4 Nf6 5.O-O Be7 6.Re1 b5 7.Bb3 O-O 8.a4 d5 
9.axb5 dxe4 10.bxc6 exf3 11.Qxf3 e4 12.Qe2 Bd6 13.h3 Re8 14.Nc3 Re5 15.Ra4
Bxh3 16.Nxe4 Bg4 17.Qe3 Bf5 18.d3 Ng4 19.Qg5 Qxg5 20.Bxg5 Bxe4 21.Rexe4 
Rxg5 22.Rxg4 Rxg4 23.Rxg4 Be5 24.Re4 Bf6 25.Bd5 Rb8 26.b3 Kf8 27.Ra4 Ra8 
28.Be4 Bc3 29.Rc4 Be5 30.d4 Bd6 31.Kf1 Rb8 32.Rc3 Rb4 33.Rd3 a5 34.Bd5 Rb8
35.c3 Rb5 36.Bc4 Rb6 37.Re3 f6 38.d5 Be5 39.Ke2 Rb8 40.Kd3 Ra8 41.Re2 h5 
42.Ra2 Ke7 43.Ra4 g5 44.b4 h4 45.bxa5 f5 46.a6 g4 47.Kc2 h3 48.gxh3 gxh3 
49.Be2 h2 50.Bf3 Kd6 51.Ra5 Bf6 52.Kd3 Bh4 53.Ra2 Kc5 54.Bh1 Ra7 55.f4 Be7
56.Bf3 Bd6 57.Ke3 Kb6 58.Rxh2 Rxa6 59.Rh5 Kc5 60.Rxf5 Ra3 61.Kd3 Ra1 62.
Be2 Ra4 63.Ke3 Ra3 64.Kf3 Rxc3+ 65.Kg4 Kd4 66.Bf3 Rc4 67.Rf6 Ke3 68.Re6+ 
Kf2 69.Be4 Ke3 70.Bg6+ Kd2 71.Rxd6 cxd6 72.Kf5 Ke3 73.Ke6 Rxf4 74.c7 1-0

[Event "23rd EUR-ch"]
[Site "Vrnjacka Banja SRB"]
[Date "2023.03.03"]
[Round "1.205"]
[White "Tadic, Katarina"]
[Black "Pap, Misa"]
[Result "0-1"]
[WhiteElo "1919"]
[BlackElo "2403"]
[EventDate "2023.03.03"]
[PlyCount "92"]

1.Nf3 c5 2.c4 g6 3.g3 Bg7 4.Bg2 Nc6 5.Nc3 d6 6.a3 e6 7.Rb1 Nge7 8.O-O O-O 
9.b4 b6 10.e3 Bb7 11.d4 Rc8 12.Ne2 cxd4 13.Nfxd4 Qd7 14.Nb5 Rfd8 15.c5 Ne5
16.Nxa7 Bxg2 17.Nxc8 Be4 18.Nxe7+ Qxe7 19.f4 dxc5 20.Qa4 Nf3+ 21.Rxf3 Bxf3
22.Kf2 Qb7 23.bxc5 Bxe2 24.c6 Qa6 25.Qxa6 Bxa6 26.Rxb6 Bc8 27.a4 Bc3 28.
Ba3 Ba5 29.Rb8 Ba6 30.Rxd8+ Bxd8 31.Bd6 Bb6 32.Kf3 f5 33.h3 Kf7 34.e4 Bd3 
35.exf5 exf5 36.c7 Ba6 37.g4 Ke6 38.Be5 Ba5 39.h4 Bb7+ 40.Kg3 Be1+ 41.Kh3 
Kd5 42.h5 Bc8 43.g5 gxh5 44.Kg2 Ke4 45.Bd6 h4 46.Kh3 Kf3 0-1